Score 0/35 Timer 12:00
0 Plays Today
% Correct
Back to the Future Part II
99.7%
Wall-E
94.4%
The Terminator
93.6%
Alien
92.2%
V for Vendetta
90.8%
The Martian
90%
The Matrix
89.7%
Big Hero 6
86.1%
Her
84.7%
The Fifth Element
83.6%
Bill and Ted's Excellent Adventure
83%
Blade Runner
82.5%
Total Recall
81.9%
X-Men: Days of Future Past
78.3%
Minority Report
77.2%
Judge Dredd
75.5%
Edge of Tomorrow
74.1%
The Book of Eli
71.6%
% Correct
Prometheus
71.3%
After Earth
69.9%
Total Recall
69.1%
Vanilla Sky
68%
Ender's Game
67.7%
Metropolis
67.1%
Oblivion
66.9%
Starship Troopers
66%
Chappie
60.7%
Elysium
60.7%
Riddick
59.9%
Astro Boy
56.8%
The Adventures of Pluto Nash
45.4%
Doom
44.3%
Idiocracy
40.7%
Seeking a Friend for the End of the World
40.1%
Reign of Fire
37.6%
Remove Ads.
Support Sporcle.
Get the best of Sporcle when you Go Orange. This ad-free experience offers more features, more stats, and more fun while also helping to support Sporcle. Thank you for becoming a member.

You're not logged in!

Compare scores with friends on all Sporcle quizzes.
OR
Log In

Show Comments

Extras

Top Quizzes Today


Score Distribution

Your Account Isn't Verified!

In order to create a playlist on Sporcle, you need to verify the email address you used during registration. Go to your Sporcle Settings to finish the process.

Report this User

Report this user for behavior that violates our Community Guidelines.

Details: